| 000 | 00697nam a22002297a 4500 | ||
|---|---|---|---|
| 003 | OSt | ||
| 005 | 20150408114135.0 | ||
| 008 | 130803s2012 stka f 001 0 eng d | ||
| 020 | _a9780723437048 | ||
| 040 | _aMa-Un | ||
| 082 | 0 | 0 |
_222 _a616.0756 _bMWC |
| 100 | 1 |
_a Marshall, William J., _cph. D. _936322 |
|
| 245 | 1 | 0 |
_aClinical chemistry / _cWilliam J. Marshall, Stephen K. Bangert, Marta lapsley. |
| 250 | _a7th ed. | ||
| 260 |
_aEdinburgh : _bMosby/Elsevier, _c2012. |
||
| 300 |
_a367 p. : _bill ؛ _c24 cm. |
||
| 500 | _aicluding indexs. | ||
| 650 | 0 |
_aClinical chemistry _vCase studies _936323 |
|
| 700 | 1 |
_a Bangert, S. K. _936324 |
|
| 700 | 1 |
_aLapsley, Marta _936153 |
|
| 942 |
_2ddc _cBOOK |
||
| 999 |
_c30242 _d264742 |
||